Articles de bébé - Statistiques

Statistiques générales
  • Ce quiz a été pris 224 fois
  • Le résultat moyen est 14 sur 47
Statistiques - réponses
Hint Réponse % Correct
b biberon
88%
l ou b lit/berceau
79%
s sac a couches
79%
p poussette
72%
d doudou
69%
j jouet
56%
s suce
54%
l lait
53%
b bavoir/bavette
47%
b bain/baignoire
46%
t table a langer
46%
p pyjama
45%
s siege auto
45%
l lingette
40%
v vêtement
40%
c chaise haute
37%
b bonnet
35%
p peluche
35%
c couverture
32%
t tapis d'éveil
30%
c creme
27%
p parc
27%
s serviette
27%
c coussin allaitement
26%
h hochet
25%
p porte-bébé
23%
v veilleuse
23%
c couches
21%
b ou p brosse/peigne
20%
s savon/shampoing
20%
t thermometre
20%
c chauffe-biberon
18%
c cuillère
18%
m mobile
18%
b ou c babyphone/caméra
15%
p pèse-bébé
13%
a anneau de dentition
11%
m mouche nasal/ mouche bébé
10%
b bol
7%
n nourriture
6%
b balancoire
5%
c coupe ongles
4%
c céréale
2%
d débarbouillette
1%
d dormeuse
1%
m moise
1%
s sauteuse
1%
Aucun quiz correspondant
Distribution des résultats
% des personnes avec chaque résultat
Percentile par nombre de réponses
Votre historique - résultats
Vous n’avez pas pris ce quiz